| 000 | 00666nam a2200229Ia 4500 | ||
|---|---|---|---|
| 003 | GCL | ||
| 008 | 140319s9999 xx 000 0 eng d | ||
| 020 | _a4774245156 | ||
| 040 |
_aGCL / _cGCL |
||
| 082 | 0 | 4 |
_a700.48297 _bS I |
| 100 | 1 | _aD'AVENNES, E. PRISSE | |
| 245 | 1 | 0 |
_aISLAMIC ART IN CAIRO : _bFROM THE 7 th TO THE 18 th CENTURIES / _cD'AVENNES, E. PRISSE |
| 700 | 1 | _aSCANLON, GEORGE T | |
| 700 | 1 | _aYASEEN, SIDDIQUI | |
| 250 | _aFIRST | ||
| 260 |
_aالقاهرة : _bTHE AMERICAN UNIVERSITY IN CAIRO PRESS ، _c1999 |
||
| 300 |
_a228 P: _bILL ؛ _c25 cm. |
||
| 650 | 0 | 4 | _aARTS |
| 650 | 0 | 4 | _aART, ISLAMIC |
| 650 | 0 | 4 | _aISLAM - ARTS |
| 942 |
_2ddc _cBK |
||
| 999 |
_c16468 _d16468 |
||